[Event "4NCL"]
[Site "De Vere, Wokefield Park, ENG"]
[Date "2011.02.19"]
[Round "5.51"]
[White "Rudd, Jack"]
[Black "Thompson, Ian D"]
[Result "0-1"]
[WhiteElo "2297"]
[BlackElo "2264"]
[PlyCount "90"]
[EventDate "2011.??.??"]
[WhiteTeam "Bristol 1"]
[BlackTeam "Guildford A&DC 2"]

1. e4 e6 2. d4 d5 3. Nd2 Nf6 4. e5 Nfd7 5. f4 c5 6. c3 Nc6 7. Ndf3 Qb6 8. a3
Be7 9. b3 a5 10. Ra2 Ndb8 11. Bd3 Bd7 12. Ne2 cxd4 13. cxd4 Na6 14. O-O f5 15.
exf6 Bxf6 16. Kh1 O-O 17. Bb1 Rac8 18. g4 Nc7 19. g5 Be7 20. Qd3 g6 21. h4 e5
22. dxe5 Bf5 23. Be3 Bxd3 24. Bxb6 Bxe2 25. Rxe2 Rxf4 26. a4 Ne6 27. Be3 Rf7
28. Kg2 Rcf8 29. Rff2 Nf4+ 30. Bxf4 Rxf4 31. e6 Bc5 32. Rf1 Rg4+ 33. Kh3 Rgf4
34. Kg2 Bd6 35. Rff2 Rg4+ 36. Kf1 Bc5 37. Nh2 Rxh4 38. Rxf8+ Kxf8 39. Kg2 Ke7
40. Nf3 Rg4+ 41. Kh3 Rf4 42. Kg2 Rxf3 43. Kxf3 Nd4+ 44. Kf2 Nxe2+ 45. Kxe2 Kxe6
0-1

[Event "4NCL"]
[Site "De Vere, Wokefield Park, ENG"]
[Date "2011.02.19"]
[Round "5.52"]
[White "Granat, Russell G"]
[Black "Beaumont, Chris R"]
[Result "1/2-1/2"]
[WhiteElo "2243"]
[BlackElo "2308"]
[PlyCount "64"]
[EventDate "2011.??.??"]
[WhiteTeam "Guildford A&DC 2"]
[BlackTeam "Bristol 1"]

1. e4 c5 2. Nf3 g6 3. d4 cxd4 4. Qxd4 Nf6 5. e5 Nc6 6. Qc4 d5 7. exd6 Qxd6 8.
Nc3 a6 9. Bf4 Qe6+ 10. Be2 Bg7 11. O-O-O O-O 12. h3 b5 13. Qxe6 Bxe6 14. Ng5
Bd7 15. Bf3 Rac8 16. Rhe1 h6 17. Nge4 Nxe4 18. Bxe4 Be6 19. Bxc6 Rxc6 20. Nd5
Bxd5 21. Rxd5 Rfc8 22. Re2 g5 23. Be3 Kh7 24. Bd4 e6 25. Rd7 Bxd4 26. Rxd4 Kg6
27. a4 Rc4 28. Rxc4 Rxc4 29. axb5 axb5 30. b3 Rf4 31. Kd2 h5 32. Kd3 Kf5
1/2-1/2

[Event "4NCL"]
[Site "De Vere, Wokefield Park, ENG"]
[Date "2011.02.19"]
[Round "5.53"]
[White "Buckley, David E"]
[Black "Sharpe, Ian W"]
[Result "1-0"]
[WhiteElo "2237"]
[BlackElo "2250"]
[PlyCount "91"]
[EventDate "2011.??.??"]
[WhiteTeam "Bristol 1"]
[BlackTeam "Guildford A&DC 2"]

1. d4 Nf6 2. c4 d6 3. Nf3 Nbd7 4. Nc3 e5 5. e4 c6 6. Be2 Qc7 7. O-O a6 8. a4 a5
9. b3 Be7 10. Ba3 Nf8 11. Nh4 g6 12. f4 exf4 13. Nf3 Ne6 14. d5 cxd5 15. Nxd5
Nxd5 16. cxd5 Nc5 17. Qd4 O-O 18. Rac1 Qd8 19. Bb2 f6 20. Bc4 h6 21. Rce1 Nd7
22. Qd2 g5 23. Qd1 Ne5 24. Nxe5 fxe5 25. Bxe5 dxe5 26. d6+ Kg7 27. dxe7 Qxe7
28. Qa1 Rd8 29. Bd5 Bg4 30. Rc1 Rac8 31. h3 Bh5 32. Rc3 Bf7 33. Bxf7 Kxf7 34.
Rfc1 Rxc3 35. Qxc3 b6 36. Qc4+ Kf6 37. Qb5 Rd6 38. Rc8 Qe6 39. Re8 Rd1+ 40. Kh2
Qd6 41. Rc8 Qe6 42. Rb8 g4 43. hxg4 Kg5 44. Re8 Qd6 45. Rg8+ Kh4 46. Qe8 1-0

[Event "4NCL"]
[Site "De Vere, Wokefield Park, ENG"]
[Date "2011.02.19"]
[Round "5.54"]
[White "Osborne, Marcus E"]
[Black "Collier, David O"]
[Result "1/2-1/2"]
[WhiteElo "2231"]
[BlackElo "2108"]
[PlyCount "112"]
[EventDate "2011.??.??"]
[WhiteTeam "Guildford A&DC 2"]
[BlackTeam "Bristol 1"]

1. d4 Nf6 2. c4 e6 3. Nc3 Bb4 4. Qc2 c5 5. dxc5 Na6 6. a3 Qa5 7. Bd2 Nxc5 8.
Rc1 Bxc3 9. Bxc3 Qa4 10. b4 Qxc2 11. Rxc2 Na4 12. Bd4 b6 13. f3 d6 14. e4 e5
15. Be3 Ba6 16. Ne2 Rc8 17. Nc1 d5 18. exd5 Nxd5 19. cxd5 Rxc2 20. Bxa6 O-O 21.
O-O Rc3 22. Bd2 Rxa3 23. b5 Nc3 24. Bxc3 Rxc3 25. Rd1 Rc7 26. Nd3 f6 27. Nb4
Rd8 28. d6 Rcd7 29. Nc6 Ra8 30. Ne7+ Kf7 31. Kf2 Ke8 32. Nc8 Kf7 33. Rc1 Ke8
34. Rc7 Kd8 35. Bb7 Rb8 36. Nxa7 Rxc7 37. dxc7+ Kxc7 38. Be4 Rd8 39. Ke3 Rd1
40. Bxh7 Ra1 41. Nc6 Ra2 42. g4 Rxh2 43. Bd3 Kd6 44. Ke4 Rd2 45. Nb4 Kc5 46.
Nc2 g6 47. Ne3 Ra2 48. Nc2 Rb2 49. g5 fxg5 50. Kxe5 Rb3 51. Ke4 Rb1 52. Ke3 Rh1
53. Nd4 Re1+ 54. Be2 Kd5 55. Nc6 Kd6 56. Kd2 Ra1 1/2-1/2

[Event "4NCL"]
[Site "De Vere, Wokefield Park, ENG"]
[Date "2011.02.19"]
[Round "5.55"]
[White "Stewart, Joseph"]
[Black "Shepley, Julien M"]
[Result "1/2-1/2"]
[WhiteElo "2082"]
[BlackElo "2043"]
[PlyCount "83"]
[EventDate "2011.??.??"]
[WhiteTeam "Bristol 1"]
[BlackTeam "Guildford A&DC 2"]

1. e4 d6 2. d4 Nf6 3. Nc3 e5 4. dxe5 dxe5 5. Qxd8+ Kxd8 6. Bg5 Be6 7. O-O-O+
Kc8 8. f3 Nbd7 9. Bb5 c6 10. Ba4 Nc5 11. Bb3 Nxb3+ 12. axb3 Be7 13. Nge2 Rd8
14. Ng3 Ng8 15. Bxe7 Nxe7 16. Nh5 Rg8 17. g4 Ng6 18. h4 Kc7 19. Ne2 Rad8 20.
Rxd8 Kxd8 21. Neg3 Ke7 22. Nf5+ Bxf5 23. exf5 Nf8 24. Rd1 f6 25. g5 h6 26. g6
Nd7 27. Ng3 Nb6 28. c4 a5 29. Ne4 a4 30. Kc2 axb3+ 31. Kxb3 Nc8 32. Kc3 b6 33.
Ra1 Rd8 34. Ra8 Kd7 35. c5 b5 36. Nd6 Nxd6 37. Ra7+ Ke8 38. cxd6 Rd7 39. Ra8+
Rd8 40. Ra7 Rd7 41. Ra8+ Rd8 42. Ra7 1/2-1/2

[Event "4NCL"]
[Site "De Vere, Wokefield Park, ENG"]
[Date "2011.02.19"]
[Round "5.56"]
[White "Stimpson, Philip M"]
[Black "Curtis, John E"]
[Result "1/2-1/2"]
[WhiteElo "2095"]
[BlackElo "2123"]
[PlyCount "47"]
[EventDate "2011.??.??"]
[WhiteTeam "Guildford A&DC 2"]
[BlackTeam "Bristol 1"]

1. e4 d6 2. d4 Nf6 3. Nc3 e5 4. dxe5 dxe5 5. Qxd8+ Kxd8 6. Bg5 Be6 7. O-O-O+
Nbd7 8. g3 Bc5 9. f4 exf4 10. gxf4 Bg4 11. Be2 Kc8 12. e5 Bxe2 13. Ngxe2 Ng4
14. Ne4 Nf2 15. Nxf2 Bxf2 16. Rhf1 Bb6 17. Nd4 g6 18. Rfe1 Nc5 19. e6 Nxe6 20.
Nxe6 fxe6 21. Rxe6 Bc5 22. Bf6 Rf8 23. Be5 b6 24. c3 1/2-1/2

[Event "4NCL"]
[Site "De Vere, Wokefield Park, ENG"]
[Date "2011.02.19"]
[Round "5.57"]
[White "Dilleigh, Stephen P"]
[Black "Punnett, Alan K"]
[Result "0-1"]
[WhiteElo "2098"]
[BlackElo "2063"]
[PlyCount "62"]
[EventDate "2011.??.??"]
[WhiteTeam "Bristol 1"]
[BlackTeam "Guildford A&DC 2"]

1. d4 Nf6 2. c4 e6 3. g3 Bb4+ 4. Bd2 Bxd2+ 5. Qxd2 O-O 6. Bg2 d5 7. Nf3 dxc4 8.
Na3 c5 9. Nxc4 b5 10. Nfe5 Nd5 11. Ne3 Bb7 12. dxc5 Qc7 13. Nxd5 Bxd5 14. Bxd5
exd5 15. Nd3 a5 16. O-O Nc6 17. Rac1 Rfe8 18. e3 Rad8 19. Rfe1 h5 20. Qd1 g6
21. Qf3 Re4 22. h4 Qe7 23. Kg2 d4 24. exd4 Rdxd4 25. Rxe4 Rxe4 26. Nf4 Qe5 27.
Qc3 Qf5 28. Rd1 Rxf4 29. Re1 Rxf2+ 30. Kg1 Qf6 31. Qe3 Rf3 0-1

[Event "4NCL"]
[Site "De Vere, Wokefield Park, ENG"]
[Date "2011.02.19"]
[Round "5.61"]
[White "Posazhennikov, Alex"]
[Black "Lock, Gavin R"]
[Result "1/2-1/2"]
[WhiteElo "2233"]
[BlackElo "2176"]
[PlyCount "76"]
[EventDate "2011.??.??"]
[WhiteTeam "Poisoned Pawns 1"]
[BlackTeam "Wessex 1"]

1. e4 e6 2. d4 d5 3. Nc3 Bb4 4. e5 c5 5. a3 Bxc3+ 6. bxc3 Qa5 7. Bd2 Qa4 8. Qg4
Kf8 9. c4 Nc6 10. dxc5 Nge7 11. Nf3 Qxc2 12. Be2 Qe4 13. Qxe4 dxe4 14. Ng5 Nxe5
15. Nxe4 Bd7 16. f4 Bc6 17. fxe5 Bxe4 18. O-O Rd8 19. Ba5 Rc8 20. Rad1 Nc6 21.
Rd7 Nxe5 22. Rc7 Rxc7 23. Bxc7 Nd7 24. Bf3 Bxf3 25. Rxf3 f6 26. Rb3 Kf7 27.
Rxb7 Nxc5 28. Rxa7 Rc8 29. a4 Kg6 30. a5 e5 31. Kf2 Ne6 32. Bb6 Rxc4 33. Re7
Nf4 34. g3 Rc2+ 35. Kf3 Rc3+ 36. Ke4 Rc4+ 37. Kf3 Rc3+ 38. Ke4 Rc4+ 1/2-1/2

[Event "4NCL"]
[Site "De Vere, Wokefield Park, ENG"]
[Date "2011.02.19"]
[Round "5.62"]
[White "Rutter, Nick J"]
[Black "Swanson, Stephen"]
[Result "0-1"]
[WhiteElo "2191"]
[BlackElo "2269"]
[PlyCount "108"]
[EventDate "2011.??.??"]
[WhiteTeam "Wessex 1"]
[BlackTeam "Poisoned Pawns 1"]

1. e4 g6 2. d4 Bg7 3. Nc3 d6 4. f4 a6 5. Nf3 b5 6. Bd3 Nd7 7. e5 c5 8. Be3 Bb7
9. Be4 Bxe4 10. Nxe4 Nh6 11. dxc5 dxe5 12. c6 Nf6 13. Nxf6+ exf6 14. fxe5 fxe5
15. Qd7+ Qxd7 16. cxd7+ Kxd7 17. Nxe5+ Bxe5 18. O-O-O+ Kc6 19. Bxh6 Rad8 20. g3
Rxd1+ 21. Rxd1 Re8 22. c3 Bd6 23. Kd2 Re5 24. Be3 Rh5 25. Bg1 Bc5 26. Bxc5
Rxh2+ 27. Ke3 Kxc5 28. Rd7 Rxb2 29. Rxf7 Rxa2 30. Rxh7 Rc2 31. Kd3 Rg2 32. Rc7+
Kb6 33. Re7 Rxg3+ 34. Kd4 Rg4+ 35. Kd3 Rc4 36. Rg7 Rc6 37. Rg8 Ka5 38. Re8 Kb6
39. Rb8+ Kc5 40. Kc2 Kd5 41. Kd3 Ke5 42. Re8+ Kf4 43. Re1 g5 44. Rf1+ Ke5 45.
Re1+ Kd5 46. Rg1 Rg6 47. Rg4 Ke5 48. c4 Rd6+ 49. Ke3 Kf5 50. Rg1 bxc4 51. Rf1+
Ke5 52. Rg1 Kf5 53. Rf1+ Kg6 54. Rf8 Rc6 0-1

[Event "4NCL"]
[Site "De Vere, Wokefield Park, ENG"]
[Date "2011.02.19"]
[Round "5.63"]
[White "Dunn, Andrew"]
[Black "Simons, Martin J"]
[Result "1-0"]
[WhiteElo "2215"]
[BlackElo "2186"]
[PlyCount "81"]
[EventDate "2011.??.??"]
[WhiteTeam "Poisoned Pawns 1"]
[BlackTeam "Wessex 1"]

1. d4 Nf6 2. Nf3 d6 3. c4 Bg4 4. Nc3 Nbd7 5. g3 e5 6. Bg2 Be7 7. h3 Bh5 8. Nh4
c6 9. Nf5 O-O 10. O-O Re8 11. Qd2 Bg6 12. e4 Bf8 13. g4 Qa5 14. d5 c5 15. Nb5
Qxd2 16. Bxd2 Bxf5 17. exf5 Rec8 18. Rfe1 a6 19. Nc3 b5 20. cxb5 axb5 21. Nxb5
Rcb8 22. a4 Nb6 23. b3 c4 24. bxc4 Nxc4 25. Bb4 Ne8 26. Reb1 g6 27. fxg6 hxg6
28. g5 Be7 29. h4 f6 30. Bf1 Nb6 31. a5 Nc8 32. Bd2 Ng7 33. Nc7 Rxb1 34. Rxb1
Ra7 35. Nb5 Ra8 36. Bd3 fxg5 37. hxg5 Nf5 38. Nc7 Ra7 39. Ne6 Kf7 40. Rb8 Nh4
41. Be2 1-0

[Event "4NCL"]
[Site "De Vere, Wokefield Park, ENG"]
[Date "2011.02.19"]
[Round "5.64"]
[White "Jenks, Bruce"]
[Black "Harley, Andrew D"]
[Result "0-1"]
[WhiteElo "2123"]
[BlackElo "2202"]
[PlyCount "66"]
[EventDate "2011.??.??"]
[WhiteTeam "Wessex 1"]
[BlackTeam "Poisoned Pawns 1"]

1. c4 Nf6 2. g3 c5 3. Bg2 d5 4. cxd5 Nxd5 5. Nc3 Nc7 6. f4 g6 7. Nf3 Bg7 8. O-O
O-O 9. b3 Nc6 10. Bb2 Ne6 11. Rc1 Rb8 12. e3 Nb4 13. Na4 Bxb2 14. Nxb2 Nxa2 15.
Ra1 Nb4 16. Rxa7 Na6 17. f5 gxf5 18. Ne5 Qb6 19. Rxa6 Qxa6 20. Rxf5 Ng7 21. Rg5
h6 22. Rxg7+ Kxg7 23. Nbd3 Qe6 24. Qh5 b6 25. Nc6 Rb7 26. Nf4 Qf5 27. Qh4 Qg5
28. Nh5+ Kh8 29. Qe4 Qxh5 30. Nxe7 Qd1+ 31. Bf1 Bh3 32. Qe5+ f6 33. Ng6+ Kg7
0-1

[Event "4NCL"]
[Site "De Vere, Wokefield Park, ENG"]
[Date "2011.02.19"]
[Round "5.65"]
[White "Byway, Paul V"]
[Black "Tunks, Dominic"]
[Result "1-0"]
[WhiteElo "2162"]
[BlackElo "2076"]
[PlyCount "59"]
[EventDate "2011.??.??"]
[WhiteTeam "Poisoned Pawns 1"]
[BlackTeam "Wessex 1"]

1. Nf3 d5 2. g3 Nf6 3. Bg2 Nbd7 4. d4 e6 5. O-O Be7 6. c4 dxc4 7. Qa4 O-O 8.
Qxc4 a6 9. Qc2 c5 10. Rd1 Ra7 11. Nc3 b5 12. d5 Qb6 13. dxe6 fxe6 14. Bh3 c4
15. Be3 Bc5 16. Bxc5 Nxc5 17. Qd2 b4 18. Nb1 Rd7 19. Qe1 Rxd1 20. Qxd1 Bb7 21.
Nbd2 Bd5 22. Qc2 Nce4 23. Rf1 c3 24. bxc3 bxc3 25. Nxe4 Nxe4 26. Bg2 Qc5 27. e3
Qa5 28. Rc1 Rb8 29. Ne5 Rb2 30. Qxb2 1-0

[Event "4NCL"]
[Site "De Vere, Wokefield Park, ENG"]
[Date "2011.02.19"]
[Round "5.67"]
[White "Goodger, Martyn"]
[Black "Thilaganathan, Jessica"]
[Result "1-0"]
[WhiteElo "2096"]
[BlackElo "1888"]
[PlyCount "63"]
[EventDate "2011.??.??"]
[WhiteTeam "Poisoned Pawns 1"]
[BlackTeam "Wessex 1"]

1. e4 e6 2. d4 d5 3. e5 c5 4. c3 Qb6 5. Nf3 Bd7 6. a3 a5 7. b3 Na6 8. Nbd2 cxd4
9. cxd4 Bb5 10. Be2 Ne7 11. O-O Nc7 12. Bb2 Nc6 13. Re1 Be7 14. Bxb5 Nxb5 15.
Nf1 g5 16. h3 Kd7 17. a4 Nc7 18. Ba3 Bxa3 19. Rxa3 Rag8 20. Ne3 Qb4 21. Ra1 h5
22. g4 Rg6 23. Kg2 Qf8 24. Rh1 f5 25. exf6 Rxf6 26. gxh5 Rf4 27. Ng4 Kd6 28.
Rc1 Rxh5 29. Nge5 Qf5 30. Rxc6+ bxc6 31. Qc1 Rxf3 32. Qc5# 1-0

[Event "4NCL"]
[Site "De Vere, Wokefield Park, ENG"]
[Date "2011.02.19"]
[Round "5.71"]
[White "Quillan, Gary"]
[Black "Webb, Richard M"]
[Result "1/2-1/2"]
[WhiteElo "2383"]
[BlackElo "2268"]
[PlyCount "77"]
[EventDate "2011.??.??"]
[WhiteTeam "3Cs 1"]
[BlackTeam "AMCA Dragons"]

1. e4 c5 2. c3 Nf6 3. e5 Nd5 4. Nf3 d6 5. d4 cxd4 6. cxd4 Nc6 7. Bc4 Nb6 8. Bb3
dxe5 9. d5 Na5 10. Nc3 Nxb3 11. Qxb3 e6 12. Nxe5 exd5 13. Be3 Bd6 14. Qb5+ Kf8
15. Nf3 Bd7 16. Qd3 Na4 17. Nxa4 Bxa4 18. O-O Qd7 19. Rfe1 Bc6 20. Rac1 f6 21.
Bc5 Bxc5 22. Rxc5 Kf7 23. Nd4 Rhe8 24. Rec1 g6 25. Qc3 Rac8 26. h3 a6 27. b4
Qd6 28. Nf3 Rcd8 29. Nd4 Rc8 30. Qd3 Bd7 31. a3 b6 32. Rxc8 Rxc8 33. Rd1 a5 34.
b5 Kg7 35. Re1 Re8 36. Rc1 Rc8 37. Re1 Re8 38. Rc1 Rc8 39. Re1 1/2-1/2

[Event "4NCL"]
[Site "De Vere, Wokefield Park, ENG"]
[Date "2011.02.19"]
[Round "5.72"]
[White "Tavares, Shawn P"]
[Black "Ashton, Adam G"]
[Result "0-1"]
[WhiteElo "2260"]
[BlackElo "2330"]
[PlyCount "62"]
[EventDate "2011.??.??"]
[WhiteTeam "AMCA Dragons"]
[BlackTeam "3Cs 1"]

1. e4 e5 2. Nf3 Nc6 3. Bb5 a6 4. Ba4 Nf6 5. O-O Nxe4 6. Re1 Nc5 7. Bxc6 dxc6 8.
Nxe5 Be7 9. d4 Ne6 10. Nf3 O-O 11. c4 Re8 12. Nc3 Nf8 13. Qd3 Be6 14. Bf4 Ng6
15. Bg3 Qd7 16. Re3 Bf5 17. Qe2 Bf6 18. Re1 Rxe3 19. Qxe3 Rd8 20. h3 h5 21. d5
Bxc3 22. dxc6 Qxc6 23. Qxc3 Rd3 24. Ne5 Rxc3 25. Nxc6 Rxg3 26. Re8+ Kh7 27.
fxg3 Bd7 28. Re7 Nxe7 29. Nxe7 c6 30. Kf2 g6 31. Ke3 Kg7 0-1

[Event "4NCL"]
[Site "De Vere, Wokefield Park, ENG"]
[Date "2011.02.19"]
[Round "5.73"]
[White "Longson, Alexander"]
[Black "Mossong, Hubert"]
[Result "1/2-1/2"]
[WhiteElo "2231"]
[BlackElo "2147"]
[PlyCount "155"]
[EventDate "2011.??.??"]
[WhiteTeam "3Cs 1"]
[BlackTeam "AMCA Dragons"]

1. e4 c5 2. Nf3 Nc6 3. Bb5 g6 4. O-O Bg7 5. c3 Qb6 6. Ba4 e5 7. d3 Nge7 8. Nbd2
O-O 9. a3 Qc7 10. b4 d6 11. Rb1 b6 12. Nc4 h6 13. Bb3 Kh7 14. b5 Nd8 15. d4
cxd4 16. cxd4 Be6 17. dxe5 dxe5 18. Be3 Nb7 19. Rc1 Rad8 20. Qe2 Qb8 21. Nfd2
Rd7 22. f4 exf4 23. Bxf4 Qd8 24. Be3 Ng8 25. Nf3 Qe7 26. Rfd1 Rfd8 27. Rxd7
Rxd7 28. e5 Bxc4 29. Qxc4 Na5 30. Qc3 Nxb3 31. Qxb3 Bxe5 32. Re1 Qd6 33. Bf2
Bg7 34. a4 Qd5 35. Qxd5 Rxd5 36. Rb1 Ne7 37. a5 Nc8 38. axb6 axb6 39. Rc1 Nd6
40. Bxb6 Nxb5 41. Kf2 Bf6 42. Rc5 Nc3 43. Rxd5 Nxd5 44. Bc5 Bc3 45. g4 Kg7 46.
Kg3 Kf6 47. Bf8 h5 48. gxh5 gxh5 49. Bd6 Kf5 50. Kh4 Kg6 51. Ne5+ Bxe5 52. Bxe5
Ne7 53. Bb2 Nf5+ 54. Kh3 Kg5 55. Be5 Ne7 56. Bc3 Ng6 57. Bd2+ Kf5 58. Bc3 Ke4
59. Kg3 f5 60. Bd2 Kd3 61. Bc1 Ke2 62. Bg5 h4+ 63. Kh3 Kf3 64. Bd8 Ke4 65. Kg2
f4 66. Bb6 f3+ 67. Kf2 Ne5 68. Kg1 h3 69. Bf2 Ng4 70. Bg3 Ke3 71. Kh1 Ke2 72.
Kg1 Nf6 73. Bf2 Ne4 74. Bb6 Nc3 75. Bc5 Ne4 76. Ba7 Nd2 77. Bb6 Nf1 78. Ba7
1/2-1/2

[Event "4NCL"]
[Site "De Vere, Wokefield Park, ENG"]
[Date "2011.02.19"]
[Round "5.74"]
[White "Holland, James P"]
[Black "Bentley, John L"]
[Result "1-0"]
[WhiteElo "2110"]
[BlackElo "2212"]
[PlyCount "73"]
[EventDate "2011.??.??"]
[WhiteTeam "AMCA Dragons"]
[BlackTeam "3Cs 1"]

1. e4 c5 2. Nf3 Nc6 3. d4 cxd4 4. Nxd4 g6 5. c4 Bg7 6. Be3 Nf6 7. Nc3 Nxd4 8.
Bxd4 d6 9. Be2 O-O 10. O-O Bd7 11. Rc1 Bc6 12. f3 Nd7 13. b4 Bxd4+ 14. Qxd4 Qb6
15. Qxb6 Nxb6 16. Nd5 Bxd5 17. cxd5 Rac8 18. Kf2 f5 19. Ke3 f4+ 20. Kd4 Nd7 21.
a4 Kg7 22. a5 Kf6 23. Bb5 Ne5 24. a6 b6 25. Bc6 g5 26. Rc3 Rg8 27. h3 h5 28.
Rf2 Rc7 29. Rf1 Kg6 30. Be8+ Rxe8 31. Rxc7 g4 32. fxg4 Kg5 33. gxh5 Rf8 34. h6
Kh4 35. Rxe7 Kg5 36. h4+ Kxh4 37. Rg7 1-0

[Event "4NCL"]
[Site "De Vere, Wokefield Park, ENG"]
[Date "2011.02.19"]
[Round "5.75"]
[White "Jaunooby, Ali Reza"]
[Black "Frostick, Clive A"]
[Result "0-1"]
[WhiteElo "2207"]
[BlackElo "2162"]
[PlyCount "80"]
[EventDate "2011.??.??"]
[WhiteTeam "3Cs 1"]
[BlackTeam "AMCA Dragons"]

1. d4 d5 2. Nf3 Nf6 3. Bg5 e6 4. Nbd2 Be7 5. e3 Nbd7 6. Bd3 c5 7. c3 b6 8. Ne5
Nxe5 9. dxe5 Nd7 10. Bf4 Bb7 11. Nf3 h6 12. h4 Qc7 13. a4 a6 14. c4 dxc4 15.
Bxc4 Rd8 16. Qe2 Nb8 17. Rh3 Qc8 18. Kf1 Nc6 19. Rc1 Na5 20. Bd3 c4 21. Bxc4
Nxc4 22. Rxc4 Bxf3 23. gxf3 Rd1+ 24. Kg2 Qd7 25. Rc2 O-O 26. Rg3 Kh8 27. e4 Rd8
28. Qxa6 Bb4 29. Qxb6 Qd3 30. Kh3 Rh1+ 31. Kg4 h5+ 32. Kxh5 g6+ 33. Kg4 Be7 34.
Bg5 Bxg5 35. hxg5 Kg7 36. f4 Qd1+ 37. f3 Rdh8 38. Rgg2 R8h4+ 39. Kg3 R4h3+ 40.
Kg4 Qxf3# 0-1

[Event "4NCL"]
[Site "De Vere, Wokefield Park, ENG"]
[Date "2011.02.19"]
[Round "5.77"]
[White "Adams, Philip"]
[Black "Hart, David PO"]
[Result "1-0"]
[WhiteElo "2122"]
[BlackElo "2018"]
[PlyCount "49"]
[EventDate "2011.??.??"]
[WhiteTeam "3Cs 1"]
[BlackTeam "AMCA Dragons"]

1. Nf3 Nf6 2. c4 b6 3. g3 Bb7 4. Bg2 e6 5. O-O Be7 6. b3 O-O 7. Bb2 c5 8. Nc3
d5 9. e3 Nbd7 10. Qe2 a6 11. Rfd1 Re8 12. cxd5 exd5 13. d4 Qc7 14. Rac1 Rad8
15. Nh4 Nf8 16. Nf5 Ne6 17. Na4 Bf8 18. dxc5 bxc5 19. Bxf6 gxf6 20. Nxc5 Bxc5
21. b4 Qe5 22. Qg4+ Kh8 23. Nh6 Ng5 24. bxc5 Bc8 25. Qxg5 1-0

[Event "4NCL"]
[Site "De Vere, Wokefield Park, ENG"]
[Date "2011.02.19"]
[Round "5.82"]
[White "Edgell, Ben P"]
[Black "McMichael, Richard J"]
[Result "0-1"]
[WhiteElo "2109"]
[BlackElo "2285"]
[PlyCount "126"]
[EventDate "2011.??.??"]
[WhiteTeam "Sambuca Black Sheep"]
[BlackTeam "Kings Head"]

1. d4 e6 2. Nf3 f5 3. g3 Nf6 4. Bg2 d5 5. O-O c6 6. b3 Bd6 7. Ba3 Bxa3 8. Nxa3
O-O 9. c4 Nbd7 10. Nb1 Qe7 11. Nbd2 Ne4 12. e3 Rf6 13. Ne1 Rh6 14. Nd3 b6 15.
Nf3 Bb7 16. Nfe5 Rd8 17. f3 Nef6 18. Rf2 c5 19. cxd5 Nxd5 20. Qe1 cxd4 21. exd4
f4 22. Ng4 Rg6 23. Re2 Rf8 24. Nde5 Nxe5 25. Nxe5 Rg5 26. g4 Ne3 27. h4 Rxe5
28. dxe5 Qc5 29. Rc1 Qxe5 30. Qc3 Qd6 31. Rd2 Bd5 32. Qc7 Qb4 33. Rf2 Qd4 34.
Qc3 Qxc3 35. Rxc3 Nd1 36. Rc7 Nxf2 37. Kxf2 a5 38. Bf1 a4 39. bxa4 Bxa2 40. Rc2
Bb3 41. Rb2 Bxa4 42. Rxb6 Bd7 43. Rd6 Bc8 44. Bc4 Kf7 45. Rd4 Ke7 46. Re4 h6
47. h5 Kd6 48. Be2 Bb7 49. Rd4+ Bd5 50. Ra4 Rf7 51. Rb4 Ke5 52. Rb5 Rb7 53. Ra5
Rb2 54. Ra4 Bc6 55. Ra5+ Kd4 56. Ke1 Bd5 57. Ra3 Rb3 58. Ra4+ Ke3 59. Bd1 Rc3
60. Ra6 Bxf3 61. Rxe6+ Be4 62. Re7 Rc1 63. Ra7 f3 0-1

[Event "4NCL"]
[Site "De Vere, Wokefield Park, ENG"]
[Date "2011.02.19"]
[Round "5.83"]
[White "Kwiatkowski, Feliks J"]
[Black "Ruston, Mark R"]
[Result "1-0"]
[WhiteElo "2246"]
[BlackElo "2110"]
[PlyCount "91"]
[EventDate "2011.??.??"]
[WhiteTeam "Kings Head"]
[BlackTeam "Sambuca Black Sheep"]

1. e4 e6 2. d4 d5 3. Nd2 Nf6 4. e5 Nfd7 5. Bd3 c5 6. c3 Nc6 7. Ne2 cxd4 8. cxd4
f6 9. exf6 Nxf6 10. Nf3 Bd6 11. O-O Qc7 12. Bg5 O-O 13. Bh4 Bd7 14. Bg3 e5 15.
dxe5 Nxe5 16. Nxe5 Bxe5 17. Rc1 Qd6 18. Qb3 b6 19. Bxe5 Qxe5 20. Qc3 Qg5 21.
Qd4 Rac8 22. Qf4 Ne4 23. Qxg5 Nxg5 24. Nc3 Bc6 25. Rfd1 Ne6 26. Ba6 Rcd8 27.
Nb5 Ba8 28. Nxa7 Nf4 29. Nc6 Rd6 30. Ne7+ Kh8 31. Nf5 Rdf6 32. Nd4 Rg6 33. g3
Nh3+ 34. Kg2 Nxf2 35. Rf1 Rgf6 36. Rc8 Rxc8 37. Bxc8 Ne4 38. Rxf6 Nxf6 39. Be6
g6 40. Kf3 Kg7 41. Kf4 Ne8 42. Ke5 Nc7 43. Bd7 Kf7 44. Kd6 Ne8+ 45. Bxe8+ Kxe8
46. Kc7 1-0

[Event "4NCL"]
[Site "De Vere, Wokefield Park, ENG"]
[Date "2011.02.19"]
[Round "5.84"]
[White "Foster, James J"]
[Black "Thomas, Rik H"]
[Result "0-1"]
[WhiteElo "2082"]
[BlackElo "2197"]
[PlyCount "82"]
[EventDate "2011.??.??"]
[WhiteTeam "Sambuca Black Sheep"]
[BlackTeam "Kings Head"]

1. c4 g6 2. Nc3 Bg7 3. e4 d6 4. g3 c5 5. Bg2 Nc6 6. Nge2 Nf6 7. O-O O-O 8. d3
Rb8 9. h3 a6 10. f4 Bd7 11. g4 b5 12. Ng3 Nd4 13. g5 Ne8 14. Nd5 e6 15. Ne3 f5
16. h4 Nc7 17. h5 Rf7 18. exf5 exf5 19. Kf2 Be6 20. hxg6 hxg6 21. Bf3 d5 22.
Bh5 gxh5 23. g6 Re7 24. Qxh5 dxc4 25. dxc4 Qd6 26. Rh1 Bxc4 27. Nexf5 Nxf5 28.
Nxf5 Qf6 29. Nxe7+ Qxe7 30. Be3 Nd5 31. Rae1 Nxe3 32. Qh7+ Kf8 33. Rxe3 Qf6 34.
Qh5 Rd8 35. Kg3 Rd6 36. f5 Rd2 37. Qh4 Qd6+ 38. Qf4 Rg2+ 39. Kxg2 Qxf4 40. Rhe1
Bd5+ 41. Kg1 Bd4 0-1

[Event "4NCL"]
[Site "De Vere, Wokefield Park, ENG"]
[Date "2011.02.19"]
[Round "5.85"]
[White "Ward, Julian T"]
[Black "Makepeace, Philip J"]
[Result "0-1"]
[WhiteElo "2144"]
[BlackElo "2088"]
[PlyCount "80"]
[EventDate "2011.??.??"]
[WhiteTeam "Kings Head"]
[BlackTeam "Sambuca Black Sheep"]

1. Nf3 d5 2. c4 e6 3. g3 Nf6 4. Bg2 Be7 5. O-O O-O 6. d4 b6 7. Nc3 Bb7 8. Qc2
Nbd7 9. Rd1 Re8 10. Bf4 Rc8 11. Ne5 c5 12. dxc5 Nxe5 13. Bxe5 Bxc5 14. Bxf6
Qxf6 15. e3 Bb4 16. Qa4 Bxc3 17. bxc3 a5 18. cxd5 Bxd5 19. Bxd5 exd5 20. Rxd5
Qxc3 21. Rad1 Qc2 22. Qd7 Qc6 23. Qg4 Qe6 24. Qd4 h6 25. a3 Rc6 26. Qb2 Qf6 27.
Qb5 Rec8 28. Rf5 Qe6 29. Rfd5 Qf6 30. Kg2 Rc5 31. Rxc5 Rxc5 32. Qe8+ Kh7 33.
Qe4+ g6 34. Rd7 Rf5 35. Qc2 Rxf2+ 36. Qxf2 Qc6+ 37. Qf3 Qxd7 38. h4 Kg7 39. Qe4
Qe6 40. Kh2 Qxe4 0-1

[Event "4NCL"]
[Site "De Vere, Wokefield Park, ENG"]
[Date "2011.02.19"]
[Round "5.86"]
[White "McCullough, Simon L"]
[Black "Mackenzie, Colin"]
[Result "1-0"]
[WhiteElo "2036"]
[BlackElo "2118"]
[PlyCount "61"]
[EventDate "2011.??.??"]
[WhiteTeam "Sambuca Black Sheep"]
[BlackTeam "Kings Head"]

1. e4 e6 2. b3 d5 3. Bb2 Nf6 4. e5 Nfd7 5. Qg4 c5 6. f4 Nc6 7. Nf3 Ne7 8. Nc3
a6 9. a4 f5 10. Qh3 d4 11. Ne2 Nb6 12. c4 Nc6 13. Ba3 Be7 14. g4 Bd7 15. gxf5
exf5 16. Rg1 O-O 17. Ng3 Be6 18. Bd3 Qd7 19. Nh5 Rf7 20. Ng5 Bxg5 21. Rxg5 h6
22. Rxg7+ Rxg7 23. Nf6+ Kf7 24. Qh5+ Rg6 25. Nxd7 Nxd7 26. Bxf5 Bxf5 27. Qxf5+
Nf6 28. O-O-O Ne7 29. e6+ Kg7 30. Qxc5 Nc6 31. Qb6 1-0

[Event "4NCL"]
[Site "De Vere, Wokefield Park, ENG"]
[Date "2011.02.19"]
[Round "5.87"]
[White "Stevenson, James AB"]
[Black "Harley-Yeo, Gareth"]
[Result "1/2-1/2"]
[WhiteElo "2097"]
[BlackElo "2003"]
[PlyCount "41"]
[EventDate "2011.??.??"]
[WhiteTeam "Kings Head"]
[BlackTeam "Sambuca Black Sheep"]

1. d4 d5 2. Bf4 Nf6 3. Nf3 e6 4. e3 c5 5. c3 Nc6 6. Nbd2 Be7 7. h3 O-O 8. Bd3
a6 9. Qe2 cxd4 10. exd4 b5 11. Ne5 Qb6 12. a3 Nxe5 13. Bxe5 Ne8 14. O-O f6 15.
Bg3 Bd6 16. f4 Ra7 17. Rad1 Re7 18. Kh1 Qb8 19. Rf3 g6 20. Qf2 Qc7 21. Bh4
1/2-1/2

[Event "4NCL"]
[Site "De Vere, Wokefield Park, ENG"]
[Date "2011.02.19"]
[Round "5.88"]
[White "Nettleton, Charlie B"]
[Black "Haria, Ravi"]
[Result "0-1"]
[WhiteElo "1835"]
[BlackElo "1972"]
[PlyCount "68"]
[EventDate "2011.??.??"]
[WhiteTeam "Sambuca Black Sheep"]
[BlackTeam "Kings Head"]

1. d4 Nf6 2. Nf3 c5 3. e3 g6 4. Be2 Bg7 5. O-O O-O 6. c4 cxd4 7. exd4 d5 8. Ne5
b6 9. Nc3 Bb7 10. Be3 Nbd7 11. f4 e6 12. Bf3 Rc8 13. Rc1 Ba6 14. Nb5 Qe7 15.
Qa4 Nb8 16. Bd2 Rfd8 17. b3 dxc4 18. bxc4 Bxb5 19. cxb5 Nd5 20. Bxd5 exd5 21.
Rfe1 Qb7 22. Qb3 a6 23. a4 Rc7 24. Rxc7 Qxc7 25. Rc1 Qb7 26. bxa6 Qxa6 27. Rc7
Qe2 28. Bc3 Qe3+ 29. Kf1 Qxf4+ 30. Ke2 Bxe5 31. dxe5 d4 32. Bxd4 Rxd4 33. Rc8+
Kg7 34. Qxb6 Qxe5+ 0-1